| 000 | 01374cam a2200421 a 4500 | ||
|---|---|---|---|
| 001 | 22422 | ||
| 003 | SK-KTurca | ||
| 005 | 20260328102837.0 | ||
| 008 | 240226s1992 xo gr 000 fbslo | ||
| 015 | _aSNBA1993/04 | ||
| 020 |
_a8021800798 _q(viazané) |
||
| 035 | _aSNK000013996 | ||
| 040 |
_aSNK _bslo _cSNK _eAACR2 |
||
| 041 | 1 |
_aslo _hita |
|
| 044 |
_axo _cSK |
||
| 072 | 7 |
_a821.131.1-3 _xTalianska próza _2konspekt |
|
| 080 |
_a850-3 _21981 |
||
| 080 |
_a929 Borgia, Lucrezia _21981 |
||
| 080 |
_a821.131.1-31 _22011 |
||
| 080 |
_a(0:82-311.6) _22011 |
||
| 080 |
_a(0:82-312.6) _22011 |
||
| 100 | 1 |
_aGrillandi, Massimo, _d1921-1987 _4aut |
|
| 240 | 1 | 0 |
_aLucrezia Borgia _lSlovensky |
| 245 | 1 | 0 |
_aLucrezia Borgiová _cMassimo Grillandi ; [preklad Mária Miháliková, Mária Štefánková, Soňa Vrbjarová] |
| 250 | _a1. vyd. | ||
| 260 |
_aBratislava _bDanubiapress _c1992 |
||
| 300 |
_a299 strán _c21 cm |
||
| 500 | _aObsahuje bibliografickú poznámku | ||
| 500 | _aPreložené z taliančiny | ||
| 600 | 1 | 7 |
_aBorgia, Lucrezia, _cvojvodkyňa z Ferrary, _d1480-1519 _2SNKMA |
| 655 | 7 |
_atalianske romány _2SNKPH |
|
| 655 | 7 |
_ahistorické romány _2SNKPH |
|
| 655 | 7 |
_abiografické romány _2SNKPH |
|
| 700 | 1 |
_aMiháliková, Mária _4trl |
|
| 700 | 1 |
_aŠtefánková, Mária, _d1951- _4trl |
|
| 700 | 1 |
_aVrbjarová, Soňa _4trl |
|
| 942 |
_2ddc _cKLDO _n0 |
||
| 999 |
_c22422 _d22422 |
||